Statistiques concernant Pays revendiquant des territoires en Antarctique

Cliquez ici pour prendre le quiz!

Statistiques générales

  • Ce quiz a été pris 184 fois
  • Le résultat moyen est 6 sur 7

Statistiques - réponses

Superficie revendiquéePays% Correct
432 000 km²France
97%
6 119 818 km²Australie
90%
1 395 000 km²Royaume-Uni
88%
965 314 km²Argentine
87%
1 236 000 km²Chili
87%
450 000 km²Nouvelle-Zélande
84%
2 500 243 km²Norvège
69%

Distribution des résultats

Percentile par nombre de réponses

% des personnes avec chaque résultat

Votre développement - résultats

Vous n’avez pas pris ce quiz